00660nam a22001577a 4500003000500000005001700005020001800022082001500040100001900055245006000074250001600134260003600150300001400186505026600200650003600466NUST20240604122700.0 a9789384323127 a515.98,ZIL aZill, Dennis G aComplex Analysis /cDennis G. Zill, Patrick D. Shanahan a3rd Edition aIndiabJones and Bartlettc2016 axv, 425 p aComplex Numbers and the Complex Plane (Page-2), Complex Functions and Mappings (Page-46), Analytic Functions (Page-102), Elementary Functions (Page-150), Integration in the Complex Plane (Page-200), Series and Residues (Page-258), Conformal Mappings (Page-334). a Functions of complex variables